CHARLIE BONE AND THE BLUE BOA (Record no. 3641)
[ view plain ]
| 000 -LEADER | |
|---|---|
| fixed length control field | 00303nam a22001337a 4500 |
| 020 ## - INTERNATIONAL STANDARD BOOK NUMBER | |
| ISBN | 978-1-4052-2545-8 |
| 082 ## - DEWEY DECIMAL CLASSIFICATION NUMBER | |
| Classification number | 823 |
| Item number | NIM/C |
| 100 ## - MAIN ENTRY--AUTHOR NAME | |
| Personal name | NIMMO, JENNY |
| 245 ## - TITLE STATEMENT | |
| Title | CHARLIE BONE AND THE BLUE BOA |
| 260 ## - PUBLICATION, DISTRIBUTION, ETC. (IMPRINT) | |
| Place of publication | LONDON |
| Name of publisher | EGMONT |
| Year of publication | 2004 |
| 300 ## - PHYSICAL DESCRIPTION | |
| Number of Pages | 371 |
| 650 ## - SUBJECT ADDED ENTRY--TOPICAL TERM | |
| Topical Term | NOVEL |
| Geographic subdivision | UNITED KINGDOM |
| 942 ## - ADDED ENTRY ELEMENTS (KOHA) | |
| Koha item type | Books |
| Withdrawn status | Lost status | Collection code | Home library | Current library | Shelving location | Date acquired | Source of acquisition | Cost, normal purchase price | Full call number | Accession Number | Koha item type |
|---|---|---|---|---|---|---|---|---|---|---|---|
| Fiction | Main Library | Main Library | SHELF-14-I- ALPHABETICAL N,O --ENGLISH NOVELS & FICTIONS | 13/03/2014 | purchase | 195.00 | 823 NIM/C | 07912 | Books |